| 000 | 00598nam a2200193 a 4500 | ||
|---|---|---|---|
| 001 | 47108 | ||
| 003 | BD-RjUL | ||
| 005 | 20211209054248.0 | ||
| 008 | 160807s1966 pk ||||| |||| 00| 0 eng d | ||
| 035 | _a(BD-RjUL)47227 | ||
| 040 |
_aBD-RjUL _beng _cBD-RjUL |
||
| 041 | _aeng | ||
| 082 |
_a331.095491 _bAME 1966 |
||
| 245 | 0 | 0 |
_aAmending supplement to labour codes, 1966 : _bcontaining ordinances, acts, rules, orders, bills, reports, notifications / |
| 260 |
_aKarachi : _bBureau of labour publications, 1966 |
||
| 300 |
_a108 p. ; _c23 cm |
||
| 650 |
_aLabour _zPakistan _9143436 |
||
| 942 |
_2ddc _cBK |
||
| 999 |
_c47108 _d47108 |
||